00889nam a22002657a 45000010005000000030006000050050017000110080041000280200015000690400029000840500018001130820013001311000025001442450108001692500041002772600034003183000050003525050008004025200101004105210018005115210019005296500022005486500020005707000033005906898FISKH20250707112623.0250605b cb ||||| |||| 00| 0 eng d a0590927159 aFISKHbengcFISKHdFISKH aQL337.E25 H36 a591.9676 aHanna, Jackd(1947-) aJungle Jack Hanna's safari adventure /cBy Jack Hanna and Rick A. Prebeg ; Photographs by Rick A.Prebeg aThis edition first published in 1996 aNew York :bScholastic,c1996 a44 pages :bcolor illustrations ;c21 x 26 cm aR  aA personal account of wildlife photographer Jack Hanna's month-long safari through East Africa. 8 a750 bLexile 8 aR bRaz-Plus  2HabitatsaAnimals 2BiomesaScience aA. Prebeg, Rickdillustrator